|
|
|
|
| LEADER |
01372nam a2200373Ia 4500 |
| 001 |
EBC3001741 |
| 003 |
MiAaPQ |
| 005 |
20200520144314.0 |
| 006 |
m o d | |
| 007 |
cr cn||||||||| |
| 008 |
020626s2002 nyua sb 001 0 eng d |
| 010 |
|
|
|z 2002010223
|
| 015 |
|
|
|a GBA2-U7831
|
| 020 |
|
|
|z 9780814426906
|
| 020 |
|
|
|z 0814471722 (pbk. : alk. paper)
|
| 035 |
|
|
|a (MiAaPQ)EBC3001741
|
| 035 |
|
|
|a (Au-PeEL)EBL3001741
|
| 035 |
|
|
|a (CaPaEBR)ebr10020627
|
| 035 |
|
|
|a (OCoLC)52242355
|
| 040 |
|
|
|a MiAaPQ
|c MiAaPQ
|d MiAaPQ
|
| 050 |
|
4 |
|a HD69.P75
|b N49 2002
|
| 082 |
0 |
4 |
|a 658.4/04/076
|2 21
|
| 100 |
1 |
|
|a Newell, Michael W.,
|d 1945-
|
| 245 |
1 |
0 |
|a Preparing for the project management professional (PMP) certification exam
|h [electronic resource] /
|c Michael W. Newell.
|
| 250 |
|
|
|a 2nd ed.
|
| 260 |
|
|
|a New York :
|b AMACOM,
|c c2002.
|
| 300 |
|
|
|a xiv, 411 p. :
|b ill.
|
| 504 |
|
|
|a Includes bibliographical reference (p. 403-404) and index.
|
| 533 |
|
|
|a Electronic reproduction. Ann Arbor, MI : ProQuest, 2015. Available via World Wide Web. Access may be limited to ProQuest affiliated libraries.
|
| 650 |
|
0 |
|a Management.
|
| 650 |
|
0 |
|a Project management
|v Examinations, questions, etc.
|
| 655 |
|
4 |
|a Electronic books.
|
| 710 |
2 |
|
|a ProQuest (Firm)
|
| 856 |
4 |
0 |
|u https://ebookcentral.proquest.com/lib/matrademy/detail.action?docID=3001741
|z Click to View
|